[Event "ROM-chT Div-A"]
[Site "Slanic Moldova"]
[Date "2011.10.08"]
[Round "8"]
[White "Catricicau, Claudiu"]
[Black "Munteanu, Ali Eduard"]
[Result "0-1"]
[WhiteElo "1879"]
[BlackElo "1900"]
[PlyCount "120"]
[EventDate "2011.10.03"]
[EventType "team-tourn"]
[EventRounds "9"]
[EventCountry "ROU"]
[SourceTitle "CBM 144 Extra"]
[Source "ChessBase"]
[SourceDate "2011.10.28"]
[SourceVersion "1"]
[SourceVersionDate "2011.10.28"]
[SourceQuality "1"]

1. a3 e5 2. d4 exd4 3. Qxd4 Nc6 4. Qd1 Nf6 5. c4 Bc5 6. e3 a5 7. Nc3 d6 8. Bd3 Ne5 9. h3 0-0 10. Nf3 Nxd3+ 11. Qxd3 Re8 12. b3 Bd7 13. Bb2 Qc8 14. Ne2 Ne4 15. Ned4 c6 16. g4 f5 17. Nd2 Re7 18. gxf5 Bxf5 19. Nxf5 Qxf5 20. Nxe4 Qxe4 21. Qxe4 Rxe4 22. Ke2 Rae8 23. Rhg1 g6 24. Rg3 Bd4 25. Bxd4 Rxd4 26. Rg4 Rxg4 27. hxg4 h6 28. Rd1 Re6 29. f4 Kf7 30. Kf3 h5 31. gxh5 gxh5 32. e4 Rh6 33. Rh1 Kf6 34. Rd1 Ke6 35. f5+ Ke5 36. Rg1 h4 37. Kg4 h3 38. Kg5 h2 39. Rh1 Rh3 40. f6 Rg3+ 41. Kh4 Rf3 42. Rxh2 Rxf6 43. Kg5 Rf3 44. Rh7 Rxb3 45. Re7+ Kd4 46. Re6 Rxa3 47. Kf4 Kc5 48. Rg6 Ra1 49. Ke3 Rd1 50. Rg7 b5 51. cxb5 cxb5 52. Ke2 Rd4 53. Ke3 Rc4 54. Kd3 Kb4 55. Rg6 a4 56. Rxd6 a3 57. Ra6 Kb3 58. e5 Rc8 59. Kd2 a2 60. Ra5 b4 0-1

[Event "ROM-chT Div-A"]
[Site "Slanic Moldova"]
[Date "2011.10.06"]
[Round "6"]
[White "Catricicau, Claudiu"]
[Black "Vasile, Teodora"]
[Result "1-0"]
[WhiteElo "1879"]
[BlackElo "1974"]
[PlyCount "103"]
[EventDate "2011.10.03"]
[EventType "team-tourn"]
[EventRounds "9"]
[EventCountry "ROU"]
[SourceTitle "CBM 144 Extra"]
[Source "ChessBase"]
[SourceDate "2011.10.28"]
[SourceVersion "1"]
[SourceVersionDate "2011.10.28"]
[SourceQuality "1"]

1. a3 e5 2. d4 exd4 3. Qxd4 Nc6 4. Qd1 Nf6 5. c4 Bc5 6. e3 a5 7. Nc3 d6 8. Bd3 Ne5 9. b3 0-0 10. Bb2 Re8 11. Nge2 Nfg4 12. Ne4 Qh4 13. N2g3 f5 14. Nxc5 dxc5 15. Bxe5 Rxe5 16. Qc2 f4 17. 0-0-0 fxg3 18. hxg3 Qf6 19. Bxh7+ Kf7 20. Rh4 Be6 21. Bd3 Rd8 22. Bg6+ Qxg6 23. Qxg6+ Kxg6 24. Rxd8 Nxf2 25. Rf4 Ng4 26. Rb8 b6 27. Rb7 Rxe3 28. Rxc7 Nf6 29. Rc6 Bd7 30. Rxb6 Rxg3 31. Rf2 a4 32. b4 Rxa3 33. bxc5 Rb3 34. Rb2 Re3 35. c6 Bf5 36. R2b4 a3 37. c7 a2 38. Kb2 Re2+ 39. Ka1 Re7 40. Rc6 Bc8 41. Rb8 Re1+ 42. Kxa2 Re2+ 43. Kb3 Bf5 44. c8Q Bxc8 45. Rcxc8 Rxg2 46. c5 Kf5 47. c6 Ke6 48. Rd8 Rg3+ 49. Kb4 Rg4+ 50. Kb5 Rg1 51. c7 Rb1+ 52. Ka4 1-0

[Event "ROM-ch U16"]
[Site "Voineasa"]
[Date "2010.04.08"]
[Round "1"]
[White "Malureanu, Costin George"]
[Black "Catricicau, Claudiu"]
[Result "1-0"]
[WhiteElo "2132"]
[BlackElo "1847"]
[PlyCount "45"]
[EventDate "2010.04.08"]
[EventType "swiss"]
[EventRounds "9"]
[EventCountry "ROU"]
[SourceTitle "EXT 2020"]
[Source "ChessBase"]
[SourceDate "2019.10.17"]
[SourceVersion "1"]
[SourceVersionDate "2019.10.17"]
[SourceQuality "1"]

1. e4 c5 2. Nf3 Nc6 3. d4 cxd4 4. Nxd4 g6 5. Nc3 Bg7 6. Be3 Nf6 7. Bc4 0-0 8. Bb3 d6 9. f3 Qb6 10. Nf5 Qd8 11. Nxg7 Kxg7 12. Qd2 Ng8 13. 0-0-0 f5 14. h4 Na5 15. h5 Nxb3+ 16. axb3 Kf7 17. hxg6+ hxg6 18. Bh6 Nxh6 19. Rxh6 Rg8 20. Rdh1 Qa5 21. Rh7+ Ke8 22. Rxe7+ Kf8 23. Rhh7 1-0

[Event "ROM-ch U14 Boys"]
[Site "Voineasa"]
[Date "2008.04.15"]
[Round "5"]
[White "Catricicau, Claudiu"]
[Black "Duda, Sergiu"]
[Result "1/2-1/2"]
[WhiteElo "792"]
[BlackElo "602"]
[PlyCount "72"]
[EventDate "2008.04.08"]
[EventType "swiss"]
[EventRounds "9"]
[EventCountry "ROU"]
[SourceTitle "EXT 2013"]
[Source "ChessBase"]
[SourceDate "2012.11.22"]
[SourceVersion "1"]
[SourceVersionDate "2012.11.22"]
[SourceQuality "1"]

1. d4 Nf6 2. c4 e6 3. Nc3 Bb4 4. Bd2 Bxc3 5. Bxc3 b6 6. Nf3 Bb7 7. e3 d6 8. Bd3 Nbd7 9. a3 a5 10. Qc2 0-0 11. h3 Qe7 12. Rg1 Rfe8 13. Nd2 e5 14. dxe5 Nxe5 15. Be2 d5 16. cxd5 Nxd5 17. Bxe5 Qxe5 18. Nf3 Qe7 19. Rd1 Rad8 20. Rd2 Rd6 21. Qb3 Red8 22. Bc4 Kh8 23. Bxd5 Bxd5 24. Qc2 f5 25. Nd4 Be4 26. Qc1 f4 27. Qc3 Qd7 28. Ke2 c5 29. Nb3 Qb5+ 30. Ke1 fxe3 31. Rxd6 exf2+ 32. Kxf2 Rxd6 33. Re1 Rf6+ 34. Kg1 Bg6 35. Qg3 h6 36. Kh2 Kh7 1/2-1/2